El arte de creer (Registro nro. 70543)

Detalles MARC
000 -ENCABEZADO
Número de control [NR] 01617nam a2200253Ia 4500
005 - FECHA Y HORA DE LA ÚLTIMA TRANSACCIÓN
control field 20170315083626.0
008 - DE LONGITUD FIJA DE DATOS DE ELEMENTOS - INFORMACIÓN GENERAL
Elementos de longitud fija [NR] 130821s1867 sp fr 1 spa
040 ## - FUENTE DE CATALOGACION [NR]
Agencia de catalogación original [NR] Co-BoUCM
Idioma de catalogación [NR] spa
Quien Cataloga Sandra Yazo (modificó)
Quien Clasifica Sandra Yazo (modificó)
041 0# - CODIGO DE IDIOMA [R]
Código de idioma para texto/pista de sonido o título separado [R] Español
082 04 - NUMERO DE CLASIFICACION DECIMAL DEWEY [R]
Número de clasificación [R] 291.2
Número de la edición [NR] 20
092 ## - SIGNATURA TOPOGRAFICA LOCAL
Número de clasificación local E06N032
100 1# - ASIENTO PRINCIPAL--NOMBRE PERSONAL [NR]
Nombre personal [NR] Nicolas, Auguste
Fechas asociadas con el nombre [NR] 1807-1888
ID Autoridad 61448
245 13 - MENCION DE TITULO [NR]
Título [NR] El arte de creer
Parte restante del título [NR] ó preparación filosófica a la fé cristiana
Mención de responsabilidad, etc. [NR] por Augusto Nicolas ; precedida por un prólogo por Manuel Muñoz y Garnica ...
260 ## - PUBLICACION, DISTRIBUCION, ETC. (PIE DE IMPRENTA) [R]
Lugar de publicación, distribución, etc. [R] Madrid (España)
Nombre del editor, distribuidor, etc. [R] Librería don Leocadio López
-- Imprenta y estereotipia de M. Rivadeneira
Fecha de publicación, distribución, etc. [R] 1867
300 ## - DESCRIPCION FISICA [R]
Extensión [R] 2 volúmenes (xvi, 482 ; 462 páginas)
Dimensiones [R] 22 x 15 cm.
500 ## - NOTA GENERAL [R]
Nota general [NR] Detalles físicos: Encuadernación rígida española en cartón forrado en cuero. Lomo con tejuelos y adornos en dorado. Tapas con raspaduras y dobleces. Guardas en papel de agua. Anteportada. Portada impresa en una sola tinta. Dedicatoria. Prólogo. Texto impreso en una sola tinta con varios tipos y tamaños de letra. Márgenes amplios. Algunas notas al pie de página. Al final índice y fe de erratas. V.1 bordes verticales con deterioro en tapas, anteportada desprendida y rota. V.2 pág. 34 rotura en esquina inferior
505 0# - NOTA DE CONTENIDO CON FORMATO PREESTABLECIDO [R]
Nota de contenido con formato preestablecido [NR] V.1: Libro I - II: Necesidad de creer ; Razón para creer -- V.2: Libro III - IV- Medio de creer ; Felicidad de creer
506 ## - NOTA DE RESTRICCIONES DE ACCESO [R]
Condiciones de acceso [NR] Consulta en sala
546 ## - NOTA DE IDIOMA [R]
Nota de idioma [NR] Algunas expresiones en latín
650 #7 - ASIENTO SECUNDARIO DE MATERIA - TERMINO TEMATICO [R]
Término temático o nombre geográfico como elemento de entrada [NR] Apologética
9 (RLIN) 9245
650 #7 - ASIENTO SECUNDARIO DE MATERIA - TERMINO TEMATICO [R]
Término temático o nombre geográfico como elemento de entrada [NR] Fe y razón
9 (RLIN) 15615
Subdivisión general [R] Aspectos religiosos
690 ## - ASUNTO AGREGADO LOCAL DE ENTRADA - TÉRMINO TEMÁTICO (OCLC, RLIN)
Acceso temático local Teología
9 (RLIN) 25230
942 ## - ELEMENTOS DE ENTRADA AGREGADOS (KOHA)
Tipo de ítem principal el descrito en 300a Libro
Tema principal 4
Edición 1
Sistema de clasificación LOCAL
Clasificación E06N032
Existencias
Suprimido Perdido Sistema de clasificación Dañado No prestable Tipo de ítem específico Ubicación habitual Ubicación actual Localización Fecha de creación Forma de adquisición Costo Volúmen / Fascículo Total préstamos Signatura topográfica Código de barras Última vez visto Fecha de último préstamo Ejemplar Price effective from Tipo de ítem
    LOCAL     Libro archivo Archivo Histórico Archivo Histórico Archivo histórico 28/02/2013 Donación 0.00 V.1 1 E06N032 L000972 27/02/2013 27/02/2013 Ej.1 03/02/2013 Libro
    LOCAL     Libro archivo Archivo Histórico Archivo Histórico Archivo histórico 28/02/2013 Donación 0.00 V.2 1 E06N032 L000973 27/02/2013 27/02/2013 Ej.1 03/02/2013 Libro